GLOBAL public goods : International cooperation in the 21st century

Bibliographic Details
Other Authors: Grunberg, Kaul, Stern
Format: Book
Published: New York : Oxford University Press , 1999
Subjects:

MARC

LEADER 00000cam a2200000 7i4500
001 0000001153
005 20020306.0
020 0 0 |a 0195130529 
090 0 0 |a 363   |b GLO 1999 
245 0 0 |a GLOBAL public goods :   |b International cooperation in the 21st century   |c edited by Inge Kaul, Isabelle Grunberg, Marc A. Stern 
260 0 0 |a New York :   |b Oxford University Press ,   |c 1999 
300 |a xxxviii, 546 p. :   |b ill. ;   |c 24 cm. 
500 0 0 |a Bibliography : (p. 512-516) 
500 0 0 |a Includes bibliographical references and index 
650 0 0 |a International co-operation 
650 0 0 |a Public goods 
700 0 1 |a Grunberg   |h Isabelle 
700 0 1 |a Kaul   |h Inge 
700 0 1 |a Stern   |h Marc A. 
998 |a JPSM 
999 |a 0000002100   |b Monograph   |c Open Shelf   |e Default branch